[Event "GER-ch U25-B"]
[Site "Willingen"]
[Date "2019.06.12"]
[Round "5"]
[White "Borgmann, Simon"]
[Black "Raasch, Hauke"]
[Result "1/2-1/2"]
[WhiteElo "1583"]
[BlackElo "1614"]
[PlyCount "64"]
[EventDate "2019.06.08"]
[EventType "swiss"]
[EventRounds "9"]
[EventCountry "GER"]
[SourceTitle "CBM 191 Extra"]
[Source "ChessBase"]
[SourceDate "2019.09.30"]
[SourceVersion "1"]
[SourceVersionDate "2019.09.30"]
[SourceQuality "1"]

1. d4 d5 2. Nf3 Bf5 3. e3 e6 4. c4 c6 5. a3 Nf6 6. Bd3 Bg6 7. 0-0 Bd6 8. Qc2 Nbd7 9. Nbd2 Rc8 10. b3 Bxd3 11. Qxd3 0-0 12. Bb2 Bc7 13. Qe2 Ne4 14. Rac1 f5 15. Ne5 Rf6 16. f4 Nxd2 17. Qxd2 Rh6 18. Rf3 Nf6 19. Qe1 Bxe5 20. dxe5 Ne4 21. Rd1 Qb6 22. Qb4 Qxb4 23. axb4 a6 24. Bd4 Rh5 25. Rh3 Rxh3 26. gxh3 Kf7 27. Kg2 h6 28. Kf3 h5 29. h4 b5 30. c5 Ra8 31. Ke2 Ra7 32. Ra1 Ra8 1/2-1/2

[Event "EU Union-ch U12 15th"]
[Site "Mureck"]
[Date "2017.08.08"]
[Round "7"]
[White "Raasch, Hauke"]
[Black "Matasaru, Stephanie"]
[Result "0-1"]
[WhiteElo "1587"]
[BlackElo "1549"]
[PlyCount "62"]
[EventDate "2017.08.02"]
[EventType "swiss"]
[EventRounds "9"]
[EventCountry "AUT"]
[SourceTitle "CBM 180 Extra"]
[Source "ChessBase"]
[SourceDate "2017.10.06"]
[SourceVersion "1"]
[SourceVersionDate "2017.10.06"]
[SourceQuality "1"]

1. b3 Nf6 2. Bb2 g6 3. e4 Bg7 4. e5 Nd5 5. c4 Nb6 6. d4 0-0 7. Nf3 d6 8. exd6 exd6 9. Be2 Nc6 10. 0-0 Bg4 11. Nbd2 d5 12. c5 Nd7 13. h3 Bxf3 14. Nxf3 Re8 15. Bb5 a6 16. Bxc6 bxc6 17. Re1 Nxc5 18. Rc1 Rxe1+ 19. Nxe1 Ne6 20. Rxc6 Qe7 21. Rc1 Re8 22. Kf1 Nf4 23. Rc2 h5 24. Nf3 g5 25. Bc1 g4 26. Bxf4 gxf3 27. gxf3 Qh4 28. Bg3 Qxh3+ 29. Kg1 h4 30. Be5 Bxe5 31. dxe5 Kh8 0-1

[Event "EU Union-ch U12 15th"]
[Site "Mureck"]
[Date "2017.08.05"]
[Round "4"]
[White "Kristoferitsch, Daniel"]
[Black "Raasch, Hauke"]
[Result "1-0"]
[WhiteElo "1743"]
[BlackElo "1587"]
[PlyCount "86"]
[EventDate "2017.08.02"]
[EventType "swiss"]
[EventRounds "9"]
[EventCountry "AUT"]
[SourceTitle "CBM 180 Extra"]
[Source "ChessBase"]
[SourceDate "2017.10.06"]
[SourceVersion "1"]
[SourceVersionDate "2017.10.06"]
[SourceQuality "1"]

1. c4 Nf6 2. Nf3 e6 3. Nc3 d5 4. d4 c6 5. Bg5 Nbd7 6. e3 Qa5 7. Nd2 dxc4 8. Bxf6 Nxf6 9. Nxc4 Qc7 10. Be2 Be7 11. 0-0 0-0 12. Rc1 Rd8 13. Qc2 Bd7 14. Bf3 Rac8 15. e4 Qb8 16. Qb3 Be8 17. Rfd1 h6 18. e5 Nd5 19. Ne4 Kf8 20. a4 Rc7 21. a5 a6 22. Ned6 Bd7 23. Qa3 Nf4 24. g3 Nh3+ 25. Kf1 Ng5 26. Bg2 Be8 27. f4 Nh7 28. Kg1 Kg8 29. Rd3 Nf8 30. b4 Qa7 31. Rf1 g6 32. Qc3 Rcd7 33. Kh1 h5 34. Qd2 Kg7 35. Rg1 Kh7 36. h3 f5 37. g4 Bxd6 38. Nxd6 Rg7 39. Bf3 Kh8 40. gxh5 gxh5 41. Rxg7 Kxg7 42. Qg2+ Kh8 43. Qg5 b6 1-0

[Event "GER-chT U10"]
[Site "Magdeburg"]
[Date "2016.12.29"]
[Round "6.2"]
[White "Raasch, Hauke"]
[Black "Fuhrmann, Bahne"]
[Result "1-0"]
[WhiteElo "1404"]
[BlackElo "1276"]
[PlyCount "142"]
[EventDate "2016.12.27"]
[EventType "team-swiss"]
[EventRounds "7"]
[EventCountry "GER"]
[SourceTitle "EXT 2018"]
[Source "ChessBase"]
[SourceDate "2017.10.13"]
[SourceVersion "1"]
[SourceVersionDate "2017.10.13"]
[SourceQuality "1"]
[WhiteTeam "Berlin Eintracht"]
[BlackTeam "Hamburger SK"]
[WhiteTeamCountry "GER"]
[BlackTeamCountry "GER"]

1. e4 c5 2. Nc3 a6 3. a4 e6 4. g3 Qc7 5. d3 Nf6 6. Bg2 Nc6 7. Nge2 Be7 8. 0-0 0-0 9. h3 b6 10. Be3 Bb7 11. f4 d6 12. g4 Qd7 13. Ng3 Ne8 14. f5 e5 15. g5 g6 16. f6 Bd8 17. h4 Bc8 18. Bf3 Qh3 19. Kf2 Qh2+ 20. Bg2 Qxh4 21. Rh1 Qg4 22. Bf3 Qd7 23. Rh6 Nxf6 24. gxf6 Bxf6 25. Qh1 Rd8 26. Nd5 Qe6 27. Nc7 Qd7 28. Nxa8 Qb7 29. Rxh7 Kf8 30. Rh8+ Ke7 31. Rxd8 Kxd8 32. Nxb6 Qxb6 33. b3 Nb4 34. Qc1 Qc7 35. Bd2 Qb6 36. Bxb4 cxb4+ 37. Qe3 Qc6 38. Rc1 Qc3 39. Ke2 Bh4 40. Nf1 f6 41. Qd2 Qd4 42. Ne3 Bg5 43. Rh1 Be6 44. Rg1 a5 45. Rxg5 fxg5 46. Nc4 Bxc4 47. dxc4 Qxd2+ 48. Kxd2 Kc7 49. c3 Kb6 50. cxb4 axb4 51. Bg4 Kc5 52. Kd3 Kb6 53. Be6 Kc5 54. Bf7 g4 55. Ke3 g3 56. Kf3 Kd4 57. Kxg3 Kc3 58. Kg4 Kxb3 59. c5+ Kxa4 60. cxd6 b3 61. Bxb3+ Kxb3 62. d7 Kc3 63. d8Q g5 64. Qxg5 Kd4 65. Qf5 Ke3 66. Qxe5 Kf2 67. Qg3+ Ke2 68. e5 Kf1 69. Qh2 Ke1 70. e6 Kf1 71. e7 Ke1 1-0